Sinh thái môi trường ứng dụng =Applied environmental ecology

সংরক্ষণ করুন:
গ্রন্থ-পঞ্জীর বিবরন
বিন্যাস: গ্রন্থ
ভাষা:Vietnamese
প্রকাশিত: Xây dựng 2005
বিষয়গুলি:
ট্যাগগুলো: ট্যাগ যুক্ত করুন
কোনো ট্যাগ নেই, প্রথমজন হিসাবে ট্যাগ করুন!
Thư viện lưu trữ: Mạng thư viện Đại học Đà Nẵng
LEADER 00996nam a2200301 a 4500
001 000002561
003 02475
005 20171229145311.0
008 171229s2005 vie
040 |a LSK 
041 0 |a VIE 
082 0 |a 577  |b LÊ-B 
245 0 0 |a Sinh thái môi trường ứng dụng =Applied environmental ecology  |c Lê Huy Bá, Lâm Minh Triết 
260 |b Xây dựng  |c 2005 
300 |a 392 pages  |c 24 cm. 
653 |a Sinh thái môi trường 
852 |a Phòng Đọc - Phòng Mượn 
901 |a 30 
927 |a Sách tham khảo 
OWN |a LSK 
AVA |a UDN50  |b LSK  |d 577 LÊ-B  |e check_holdings  |t Error 5003 Not defined in file expand_doc_bib_avail.  |h N  |k 1 
999 |a From the UDN01 
AVA |a UDN50  |b LSK  |d 577 LÊ-B  |e available  |t Error 5001 Not defined in file expand_doc_bib_avail.  |f 30  |g 0  |h N  |i 6  |k 1 
TYP |a Monograph 
TYP |a Printed language 
980 |a Mạng thư viện Đại học Đà Nẵng